Online katalóg knižníc regiónu Turca

Muž v sukni (Record no. 22217)

MARC details
000 -LEADER
fixed length control field 01410cam a2200433 a 4500
001 - CONTROL NUMBER
control field 22217
003 - CONTROL NUMBER IDENTIFIER
control field VRT
005 - DATE AND TIME OF LATEST TRANSACTION
control field 20260323134140.0
008 - FIXED-LENGTH DATA ELEMENTS--GENERAL INFORMATION
fixed length control field 251029s1988 xo 000 f slo
015 ## - NATIONAL BIBLIOGRAPHY NUMBER
National bibliography number SNBA1988/07
035 ## - SYSTEM CONTROL NUMBER
System control number SNK000064400
035 ## - SYSTEM CONTROL NUMBER
System control number urn:nbn:sk:snk-amjbc9
035 ## - SYSTEM CONTROL NUMBER
System control number urn:nbn:sk:snk-am002l26
035 ## - SYSTEM CONTROL NUMBER
System control number 072182DB-B33D-4C99-9985-77E308796BA4
039 #9 - LEVEL OF BIBLIOGRAPHIC CONTROL AND CODING DETAIL [OBSOLETE]
Level of rules in bibliographic description 202510291158
Level of effort used to assign nonsubject heading access points VLOAD
Level of effort used to assign subject headings 202506040849
Level of effort used to assign classification VLOAD
Level of effort used to assign subject headings 202411221322
Level of effort used to assign classification msnk115
Level of effort used to assign subject headings 202403181907
Level of effort used to assign classification VLOAD
040 ## - CATALOGING SOURCE
Original cataloging agency SNK
Language of cataloging slo
Transcribing agency SNK
Description conventions AACR2
041 1# - LANGUAGE CODE
Language code of text/sound track or separate title slo
Language code of original swe
044 ## - COUNTRY OF PUBLISHING/PRODUCING ENTITY CODE
MARC country code xo
ISO country code SK
080 ## - UNIVERSAL DECIMAL CLASSIFICATION NUMBER
Universal Decimal Classification number 839.7-3
Edition identifier 1981
100 1# - MAIN ENTRY--PERSONAL NAME
Personal name Wahlgren, Anna
Relationship aut
240 10 - UNIFORM TITLE
Uniform title Mannen i kjol
Language of a work Slovensky
245 10 - TITLE STATEMENT
Title Muž v sukni
Statement of responsibility, etc. Anna Wahlgren ; [zo švéd. orig. ... prel. Jarmila Cihová]
250 ## - EDITION STATEMENT
Edition statement 1. vyd.
260 ## - PUBLICATION, DISTRIBUTION, ETC.
Place of publication, distribution, etc. Bratislava
Name of publisher, distributor, etc. Smena
Date of publication, distribution, etc. 1988
Place of manufacture Bratislava
Manufacturer Pravda
300 ## - PHYSICAL DESCRIPTION
Extent 160 s.
Dimensions 21 cm
366 ## - TRADE AVAILABILITY INFORMATION
Note 32000 výt.
490 1# - SERIES STATEMENT
Series statement Eva
Volume/sequential designation zv. 105
500 ## - GENERAL NOTE
General note Ilustr. na front.
655 #7 - INDEX TERM--GENRE/FORM
Genre/form data or focus term psychologické romány
Source of term SNKPH
655 #7 - INDEX TERM--GENRE/FORM
Genre/form data or focus term satirické romány
Source of term SNKPH
655 #7 - INDEX TERM--GENRE/FORM
Genre/form data or focus term švédske romány
Source of term SNKPH
700 1# - ADDED ENTRY--PERSONAL NAME
Personal name Cihová, Jarmila,
Dates associated with a name 1957-
Relationship trl
830 #0 - SERIES ADDED ENTRY--UNIFORM TITLE
Uniform title Eva
942 ## - ADDED ENTRY ELEMENTS (KOHA)
Source of classification or shelving scheme Dewey Decimal Classification
Koha item type Krásna literatúra pre dospelých
Suppress in OPAC No
949 ## - LOCAL PROCESSING INFORMATION (OCLC)
6 4710702872
9 1
a strmkB
b strmk2008/2872
949 ## - LOCAL PROCESSING INFORMATION (OCLC)
6 3869A10979
a bpksh839.7-3
b bpksh66664
949 ## - LOCAL PROCESSING INFORMATION (OCLC)
6 17A1138313
a snkSC 71890 D1
b snkKSP 4805/88
s 6100:20140925
Holdings
Stav vyradenia Strata Poškodenie Spôsob nadobudnutia Domovská knižnica Aktuálna knižnica Dátum nadobudnutia Total checkouts Čiarový kód exemplára Date last seen Typ exemplára
      Dar Obecná knižnica Turčianska Štiavnička Obecná knižnica Turčianska Štiavnička 23.03.2026   4738000676 23.03.2026 Krásna literatúra pre dospelých
Projekt je podporený Slovenskou asociáciou knižníc
Prevádzkuje Turčianska knižnica Martin 2026